00970cam a22002294a 45000010009000000050017000090080041000260200018000670400018000850820016001032450192001192600147003113000020004585000033004786500031005117000031005427000029005737000030006029420006006329520089006389990013007271563570920231205020410.0090224s2009 ce ab bs 001 0 eng  a9789556591552 aDLCcDLCdDLC 222a305.5. 00aCasteless or caste-blind? :bdynamics of concealed caste discrimination, social exclusion, and protest in Sri Lanka /ceditors, Kalinga Tudor Silva, P.P. Sivapragasam, Paramsothy Thanges. aCopenhagen :bInternational Dalit Solidarity Network ;aNew Delhi : Indian Institute of Dalit Studies ;aColombo :bKumaran Book House,c2009. axviii, 180 p. : aIncludes statistical tables. 0aCaste-based discrimination1 aSilva, Kalinga Tudor,eedt1 aSivapragasam, P. P.eedt1 aThanges, Paramsothy.eedt cL 001040708LaWERCLbWERCLd2023-12-05l0o305.5. p6369r2023-12-05w2023-12-05yL c145d145